000 01113nam a22002777a 4500
003 PE SENCICO BE
005 20251020182648.0
008 240105b |||||||| |||| 00| 0 eng d
040 _aPE SENCICO BE
_cPE SENCICO BE
041 _aspa
084 _aI
_aDIS
_a2018
_bF81
100 1 _91839
_aFrancia Higa, Alison Naomi
245 1 _aDiseño de cafetería "coffee prince" /
_cAlison Naomi Francia Higa
260 _aLima :
_c2018
300 _a2 v. :
_bil. col. ;
_c30 cm.
500 _aTexto en dos volúmenes. El volumen 2 contiene planos (30 x 40 cm.).
502 _aMonografía de Titulación.-- Servicio Nacional de Capacitación para la Industria de la Construcción. Escuela Superior Técnica. Carrera Profesional Técnica en Diseño de Interiores, 2018
650 1 0 _944
_aDiseño de interiores
650 2 0 _929
_aCafeterías
650 2 0 _9879
_aDecoración comercial
650 2 0 _91278
_aNormas técnicas
650 2 0 _9615
_aPlanos
710 1 _aServicio Nacional de Capacitación para la Industria de la Construcción.
_bEscuela Superior Técnica
_91065
910 _bhfp
_chfp
942 _cMON
999 _c4475
_d4475